| 000 | 00386nam a2200181Ia 4500 | ||
|---|---|---|---|
| 100 | _aHallberg/Bruce | ||
| 650 | _aNetworking | ||
| 250 | _a4 | ||
| 942 | _cBK | ||
| 366 | _f25 | ||
| 654 | _anetworking | ||
| 245 | _aNetworking: A beginners Guide | ||
| 260 |
_bTata Mc Graw hill Ltd. _aNew Delhi _c2005 |
||
| 082 |
_a4.6 _bHAL |
||
| 300 | _a455 | ||
| 546 | _aENGLISH | ||
| 999 |
_c32219 _d32219 |
||